logo

Bir Sreshtho Munshi Abdur Rouf Library
Jhenaidah Cadet College

ম-৩৫০ / (Record no. 10709)

MARC details
000 -LEADER
fixed length control field 00648nam a2200217 a 4500
001 - CONTROL NUMBER
JCCL Control Number 10709
003 - CONTROL NUMBER IDENTIFIER
JCCL marc code BD-JhCC
005 - DATE AND TIME OF LATEST TRANSACTION
control field 20220811134024.0
008 - FIXED-LENGTH DATA ELEMENTS--GENERAL INFORMATION
fixed length control field 180811s2018 bg |||| |||| 00| 0 BEN d
020 ## - INTERNATIONAL STANDARD BOOK NUMBER
International Standard Book Number 9789849341468
035 ## - SYSTEM CONTROL NUMBER
system control number (BD-JhCC)10709
040 ## - CATALOGING SOURCE
Original cataloging agency BD-JhCC
Modifying agency BD-JhCC
041 ## - LANGUAGE CODE
Language code of Book ben
082 ## - DEWEY DECIMAL CLASSIFICATION NUMBER
Classification number 891.4435
Author mark and Year MOS 2018
100 ## - MAIN ENTRY--PERSONAL NAME
Personal name মোশাররফ, মাজহার
245 ## - TITLE STATEMENT
Title ম-৩৫০ /
Statement of responsibility, etc মাজহার মোশাররফ,
260 ## - PUBLICATION, DISTRIBUTION, ETC. (IMPRINT)
Place of publication, distribution, etc ঢাকা :
Name of publisher, distributor, etc চৈতন্য :
Date of publication, distribution, etc ২০১৮.
300 ## - PHYSICAL DESCRIPTION
Pagination ১৬০ পৃ. :
Dimensions ১৮ সেমি.
650 ## - SUBJECT ADDED ENTRY--TOPICAL TERM
Topical term or geographic name as entry element Bangali Short story
942 ## - ADDED ENTRY ELEMENTS (KOHA)
Source of classification or shelving scheme Dewey Decimal Classification
Koha item type Books
Koha issues (borrowed), all copies 5
Holdings
Source of classification or shelving scheme Damaged status Not for loan Home library Current library Shelving location Date of accession Cost, normal purchase price Total Checkouts Full call number Barcode Date last seen Copy number Koha item type Date checked out Method of acquisition Currency
Dewey Decimal Classification     JCC Rouf Library JCC Rouf Library General Stacks 08/11/2018 300.00   891.4435 MOS 2018 14451 08/11/2018 C-1 Books      
Dewey Decimal Classification     JCC Rouf Library JCC Rouf Library General Stacks 08/11/2018 300.00   891.4435 MOS 2018 14426 08/11/2018 C-1 Books      
Dewey Decimal Classification     JCC Rouf Library JCC Rouf Library General Stacks 08/11/2018 300.00   891.4435 MOS 2018 14453 08/11/2018 C-3 Books      
Dewey Decimal Classification     JCC Rouf Library JCC Rouf Library General Stacks 08/11/2018 300.00 5 891.4435 MOS 2018 14450 01/27/2026 C-4 Books 01/13/2026    
Dewey Decimal Classification     JCC Rouf Library JCC Rouf Library General Stacks 08/11/2018 300.00 3 891.4435 MOS 2018 14449 12/10/2024 C-5 Books 10/24/2024    
Dewey Decimal Classification     JCC Rouf Library JCC Rouf Library General Stacks 08/11/2018 300.00   891.4435 MOS 2018 14448 08/11/2018 C-6 Books      
Dewey Decimal Classification     JCC Rouf Library JCC Rouf Library General Stacks 08/11/2018 300.00   891.4435 MOS 2018 14447 08/11/2018 C-8 Books      
Dewey Decimal Classification     JCC Rouf Library JCC Rouf Library General Stacks 08/11/2018 300.00 1 891.4435 MOS 2018 14446 08/04/2022 C-8 Books 06/16/2022 Purchase  
Dewey Decimal Classification     JCC Rouf Library JCC Rouf Library General Stacks 08/11/2018 300.00   891.4435 MOS 2018 14445 08/11/2018 C-9 Books      

JCC Library | Contacts | JCC Home

Last Update on 23 September 2017
Copyright @ 2017-2020 JCC Rouf Library
Rouf Library, Jhenidah Cadet College (JCC), Bangladesh